Stock analysis and prediction system /
Saved in:
| Main Author: | |
|---|---|
| Format: | Thesis Book |
| Language: | English |
| Published: |
2005.
|
| Subjects: | |
| Tags: |
Add Tag
No Tags, Be the first to tag this record!
|
| LEADER | 00876cam a2200229 a 4500 | ||
|---|---|---|---|
| 001 | u729228 | ||
| 003 | SIRSI | ||
| 005 | 200610131539 | ||
| 008 | 061013s2005 my a t 000 0 eng m | ||
| 040 | |a UMM | ||
| 090 | |a TA58.5 |b UM 2005 Won | ||
| 100 | 1 | 0 | |a Wong, Zi Wei. |
| 245 | 1 | 0 | |a Stock analysis and prediction system / |c Wong Zi Wei. |
| 260 | |c 2005. | ||
| 300 | |a xv, 168 leaves : |b ill. ; |c 30 cm. | ||
| 502 | |a Dissertation (M.Inf.Tech.) -- Fakulti Sains Komputer dan Teknologi Maklumat, Universiti Malaya, 2006. | ||
| 504 | |a Bibliography: leaves 167-168. | ||
| 650 | 0 | |a Investment analysis |x Data processing. | |
| 650 | 0 | |a Stock exchanges |x Data processing. | |
| 710 | 2 | 0 | |a Universiti Malaya. |b Fakulti Sains Komputer dan Teknologi Maklumat. |
| 596 | |a 1 | ||
| 999 | |a TA58.5 UM 2005 WON |w LC |c 1 |i A512549807 |d 28/6/2016 |e 28/6/2016 |f 14/2/2007 |g 1 |l STACKS |m P01UTAMA |n 1 |r Y |s Y |t TESIS |u 14/2/2007 | ||
